| 000 | 00696nam a22002055a 4500 | ||
|---|---|---|---|
| 005 | 20170108140737.0 | ||
| 008 | 170108s1997 enka frd 000 0 eng d | ||
| 020 | _a9772690268 | ||
| 040 |
_aEG-ScBUE _beng _cEG-ScBUE _dEG-ScBUE |
||
| 082 | 0 | 4 |
_222 _a617.6003 _bFAI |
| 100 | 1 | _aFairpo, Jenifer E. H. | |
| 245 | 1 | 0 |
_aHeinemann dental dictionary / _cJenifer E. H. Fairpo and C. Gavin Fairpo. |
| 250 | _a4th ed., Middle East ed. | ||
| 260 |
_aOxford : _bButterworth Heinemann ; _aGiza : _bMass Publishing Co. ; _c1997. |
||
| 300 |
_axvii, 347 p. : _bill. ; _c24 cm. |
||
| 650 | 7 |
_2BUEsh _940808 _aDentistry _vDictionaries. |
|
| 653 |
_bDDent _cJanuary2017 |
||
| 700 | 1 | _aFairpo, C. Gavin. | |
| 942 | _2ddc | ||
| 999 |
_c23868 _d23840 |
||